A queda de Atlântida: (Record no. 70)

MARC details
000 -LÍDER
campo de controle de tamanho fixo 01437nam a2200361 4500
001 - NÚMERO DE CONTROLE
campo de controle 70
003 - IDENTIFICADOR DO NÚMERO DE CONTROLE
campo de controle OSt
005 - DATA E HORÁRIO DA ÚLTIMA TRANSAÇÃO
campo de controle 20250528074011.0
008 - CAMPO DE DADOS FIXOS--INFORMAÇÃO GERAL
campo de controle de tamanho fixo 250123b |||||||j |||| 00| 1 eng d
040 ## - FONTE DA CATALOGAÇÃO
Idioma da catalogação por
041 ## - CÓDIGO DE IDIOMA
Código do idioma do original e/ou traduções intermediárias do texto eng
Código do idioma do texto/trilha sonora ou título diferente por
082 ## - CDD - CLASSIFICAÇÃO DECIMAL DE DEWEY
Número de Classificação 813
Número do exemplar B811q
100 1# - ENTRADA PRINCIPAL--NOME PESSOAL
Nome pessoal Bradley, Marion Zimmer,
Datas associadas ao nome 1930-1999
9 (RLIN) 169
240 ## - TÍTULO UNIFORME
Título uniforme The Fall of Atantis
245 ## - TÍTULO
Título A queda de Atlântida:
Restante do título A teia da luz /
Indicação de responsabilidade, etc. Bradley, Marion Zimmer ; Tradução de A. B. Pinheiro de Lemos
250 ## - EDIÇÃO
Declaração de edição 3° edição
260 ## - PUBLICAÇÃO, DISTRIBUIÇÃO, ETC.
Local de publicação, distribuição, etc. Rio de Janeiro
Nome do editor, distribuidor, etc. Imago
Data da publicação, distribuição, etc. 1987
300 ## - DESCRIÇÃO FÍSICA
Extensão 228 p.
490 1# - TÍTULO DA SÉRIE
Título da série A queda de Atlântida
Número do volume ou designação sequencial da série Livro 01
500 ## - NOTA GERAL
Nota geral A teia de luz
520 ## - NOTA DE RESUMO, ETC.
Resumo, etc. Domaris e Deoris são irmãs da Casta dos Sacerdotes, levam uma vida plácida e tranquila no Templo da Terra Antiga. Mas essa existência é subtamente abalada pela chegada de um estranho, mutilado e cego. É Micon, Príncipe da Ahtarrah, herdeiro de Atlântida, torturado brutalmente pelos membros de uma seita secreta e proibida que se dedica à magia negra, para revelar seus estranhos poderes.
650 #0 - ASSUNTO--TERMO TÓPICO
Cabeçalho tópico ou nome geográfico Literatura Americana
9 (RLIN) 84
650 #0 - ASSUNTO--TERMO TÓPICO
Cabeçalho tópico ou nome geográfico Medieval
9 (RLIN) 170
650 #0 - ASSUNTO--TERMO TÓPICO
Cabeçalho tópico ou nome geográfico Fantasia
9 (RLIN) 45
650 #0 - ASSUNTO--TERMO TÓPICO
Cabeçalho tópico ou nome geográfico Seres mágicos
9 (RLIN) 46
650 #0 - ASSUNTO--TERMO TÓPICO
Cabeçalho tópico ou nome geográfico Aventura
9 (RLIN) 47
650 #0 - ASSUNTO--TERMO TÓPICO
Cabeçalho tópico ou nome geográfico Mitologia
9 (RLIN) 128
655 #0 - TERMO DE ÍNDICE--GÊNERO E FORMA
Gênero/forma/ou termo foco Romance
655 #0 - TERMO DE ÍNDICE--GÊNERO E FORMA
Gênero/forma/ou termo foco Ficção
700 ## - ENTRADA ADICIONADA - NOME PESSOAL
Nome pessoal Alfredo Barcellos Pinheiro de Lemos
Função do autor por extenso Tradutor
9 (RLIN) 175
830 ## - ENTRADA SECUNDÁRIA DE SÉRIE--TÍTULO UNIFORME
Título uniforme A queda de Atlândida
9 (RLIN) 176
Número do volume ou designação sequencial da série Livro 01
942 ## - ELEMENTOS DE ENTRADA ADICIONADOS (KOHA)
Fonte de classificação ou esquema de arquivamento Classificação decimal de Dewey
Ocultar no OPAC Não
Tipo de material Koha Livros
Holdings
Situação do descarte Situação das perdas Fonte de classificação ou esquema de arquivamento Materiais especificados (volume encadernado ou outra parte) Status danificado Não pode ser emprestado Coleção Biblioteca de origem Biblioteca atual Localização na estante Data de aquisição Fonte de aquisição Total de empréstimos Número de chamada completo Código de barras Data de último acesso Data do preço efetivo Tipo de material Koha
    Classificação decimal de Dewey vol. 01     Ficção Biblioteca Professor Eduardo Afonso de Castro Biblioteca Professor Eduardo Afonso de Castro Literatura Estrangeira 03.03.2009 doação   813 / B811q 2025-13703 23.01.2025 23.01.2025 Livros

Powered by Koha